All Juice WRLD Songs - Statistics

General Stats
  • This quiz has been taken 45 times
    13 since last reset
  • The average score is 98 of 158
Answer Stats
Hint Songs % Correct
Goodbye & Good Riddance All Girls Are The Same
100%
Goodbye & Good Riddance Armed And Dangerous
100%
Singles Bandit
100%
Death Race for Love Empty
100%
Too Soon.. Legends
100%
Goodbye & Good Riddance Lucid Dreams
100%
JuiceWRLD 999 Lucid Dreams (Forget Me)
100%
Legends Never Die Man Of The Year
100%
Legends Never Die Titanic
100%
Legends Never Die Wishing Well
100%
Death Race for Love 10 Feet
90%
The Party Never Ends Adore You
90%
The Party Never Ends Celebrate
90%
Fighting Demons Cigarettes
90%
Legends Never Die Come & Go
90%
Fighting Demons Doom
90%
The Party Never Ends Empty Out Your Pockets
90%
Legends Never Die Hate The Other Side
90%
Death Race for Love Robbery
90%
Legends Never Die The Way
90%
The Party Never Ends AGATS 2 (Insecure)
80%
The Party Never Ends Barbarian
80%
Death Race for Love Big
80%
Goodbye & Good Riddance Black & White
80%
The Pre-Party Cavalier
80%
Legends Never Die Conversations
80%
Fighting Demons Feel Alone
80%
Fighting Demons Feline
80%
Future & Juice Wrld Present... Wrld on Drugs Fine China
80%
Death Race for Love Flaws And Sins
80%
Fighting Demons From My Window
80%
Fighting Demons Go Hard
80%
Goodbye & Good Riddance I'll Be Fine
80%
Singles In My Head
80%
Goodbye & Good Riddance Intro
80%
Goodbye & Good Riddance Karma - Skit
80%
The Party Never Ends KTM Drip
80%
The Party Never Ends Lace It
80%
Goodbye & Good Riddance Lean Wit Me
80%
JuiceWRLD 999 Let Me Know (I Wonder Why Freestyle)
80%
Legends Never Die Righteous
80%
Death Race for Love Ring Ring
80%
Legends Never Die Smile
80%
Death Race for Love The Bees Knees
80%
Singles The Light
80%
The Party Never Ends The Party Never Ends
80%
Goodbye & Good Riddance Wasted
80%
Death Race for Love Who Shot Cupid?
80%
Legends Never Die Anxiety - Intro
70%
Goodbye & Good Riddance Betrayal - Skit
70%
Legends Never Die Blood On My Jeans
70%
The Party Never Ends Condone It
70%
Death Race for Love Demonz - Interlude
70%
Death Race for Love Feeling
70%
Goodbye & Good Riddance Anniversary Glo'd Up
70%
The Party Never Ends Goodbye
70%
Death Race for Love Hear Me Calling
70%
Goodbye & Good Riddance Hurt Me
70%
Legends Never Die I Want It
70%
Future & Juice Wrld Present... Wrld on Drugs Jet Lag
70%
Fighting Demons Juice WRLD Speaks
70%
The Pre-Party Lightyears
70%
Death Race for Love Maze
70%
The Party Never Ends Misfit
70%
Goodbye & Good Riddance Anniversary No Good
70%
Future & Juice Wrld Present... Wrld on Drugs Oxy
70%
The Party Never Ends Party By Myself
70%
Too Soon.. Rich And Blind
70%
Death Race for Love Rider
70%
Goodbye & Good Riddance Scared of Love
70%
The Party Never Ends Spend It
70%
Legends Never Die Stay High
70%
Death Race for Love Syphillis
70%
Goodbye & Good Riddance Anniversary 734
60%
Fighting Demons Already Dead
60%
Singles Autograph (On My Line)
60%
Legends Never Die Bad Energy
60%
The Party Never Ends Best Friend
60%
Fighting Demons Burn
60%
Singles Bye Bye
60%
The Party Never Ends Cuffed
60%
Singles Doomsday
60%
Fighting Demons Eminem Speaks
60%
Goodbye & Good Riddance End Of The Road
60%
Singles Face 2 Face
60%
Death Race for Love Fast
60%
The Party Never Ends Floor It
60%
Fighting Demons Girl Of My Dreams
60%
Fighting Demons Go Hard 2.0
60%
Singles Graduation
60%
Goodbye & Good Riddance I'm Still
60%
The Party Never Ends Love Letter
60%
Future & Juice Wrld Present... Wrld on Drugs Make It Back
60%
JuiceWRLD 999 moonlight
60%
Fighting Demons My Life In A Nutshell
60%
Fighting Demons Not Enough
60%
Future & Juice Wrld Present... Wrld on Drugs Red Bentley
60%
Legends Never Die Tell Me U Luv Me
60%
Legends Never Die The Man, The Myth, The Legend - Interlude
60%
Fighting Demons Until The Plug Comes Back Around
60%
Legends Never Die Up Up And Away
60%
Goodbye & Good Riddance Used To
60%
Fighting Demons Wandered To LA
60%
Death Race for Love Won't Let Go
60%
The Pre-Party World Tour (Aquafina)
60%
Legends Never Die All Life Long
50%
Singles Bad Boy
50%
Goodbye & Good Riddance Candles
50%
Legends Never Die Can't Die
50%
Legends Never Die Fighting Demons
50%
Death Race for Love HeMotions
50%
Legends Never Die Juice WRLD Speaks From Heaven - Outro
50%
Legends Never Die Life's A Mess
50%
Goodbye & Good Riddance Long Gone
50%
Death Race for Love Make Believe
50%
Death Race for Love ON GOD
50%
Death Race for Love Out My Way
50%
The Party Never Ends Oxycodone
50%
Singles Real Shit
50%
Singles Roses
50%
Legends Never Die Screw Juice
50%
Death Race for Love She's The One
50%
Fighting Demons You Wouldn't Understand
50%
The Pre-Party Both Ways
40%
Legends Never Die Get Through It - Interlude
40%
Future & Juice Wrld Present... Wrld on Drugs Hard Work Pays Off
40%
Singles Hide
40%
The Party Never Ends Jeffrey
40%
Fighting Demons Juice WRLD Speaks 2
40%
Singles Life's A Mess II
40%
Goodbye & Good Riddance Anniversary Lucid Dreams - Remix
40%
Future & Juice Wrld Present... Wrld on Drugs No Issue
40%
JuiceWRLD 999 rainbow
40%
Future & Juice Wrld Present... Wrld on Drugs Realer N Realer
40%
Fighting Demons Relocate
40%
Fighting Demons Rockstar In His Prime
40%
Future & Juice Wrld Present... Wrld on Drugs Shorty
40%
Fighting Demons Sometimes
40%
Future & Juice Wrld Present... Wrld on Drugs Transformer
40%
JuiceWRLD 999 ​two cups (everything's going my way)
40%
Future & Juice Wrld Present... Wrld on Drugs WRLD On Drugs
40%
Future & Juice Wrld Present... Wrld on Drugs 7 Am Freestyle
30%
Future & Juice Wrld Present... Wrld on Drugs Ain't Livin Right
30%
Future & Juice Wrld Present... Wrld on Drugs Astronauts
30%
Death Race for Love Desire
30%
JuiceWRLD 999 ​eye contact (look me in my eyes)
30%
Singles Reminds Me Of You
30%
JuiceWRLD 999 Sticks & Stones (Hurt Me)
30%
BINGEDRINKINGMUSIC YOUDONTLOVEME
30%
Future & Juice Wrld Present... Wrld on Drugs Afterlife
20%
Future & Juice Wrld Present... Wrld on Drugs Different
20%
JuiceWRLD 999 lost her
20%
Singles My X Was Poison
20%
Singles Old Me
20%
BINGEDRINKINGMUSIC Paranoid
20%
JuiceWRLD 999 ​until it's over (closure)
20%
Singles My Fault
10%
Singles On My Mind
10%
No matching quizzes found
Score Distribution
Percent of People with Each Score
Percentile by Number Answered
Your Score History
You have not taken this quiz since the last reset